000 00647cam a2200169 4500500
005 20251102004406.0
041 _afre
042 _adc
100 1 0 _aGavet, Morgane
_eauthor
700 1 0 _aDebuigne, Morgane
_eauthor
700 1 0 _aJunot, Stéphane
_eauthor
245 0 0 _aUtilisation périopératoire des anti-inflammatoires non stéroïdiens (AINS)
260 _c2025.
500 _a30
786 0 _nLe Nouveau Praticien Vétérinaire - Canine & féline | 22 | 1 | 2025-10-06 | p. 78-85 | 1637-3065
856 4 1 _uhttps://stm.cairn.info/revue-le-nouveau-praticien-veterinaire-canine-feline-2025-1-page-78?lang=fr&redirect-ssocas=7080
999 _c1560486
_d1560486